000 03078nam0a2200493 4500
001 RU\NLR\BIBL_A\011942474
005 20250809113129.0
020 _aRU
_9Ленинград в Великой Отечественной войне. Коллекция. Афиши
035 _a(NLR Aleph) 011942474
090 _a65359
_c65359
100 _a20190220d1943 u y0rusy50 ca
101 0 _arus
102 _aRU
105 _ay z 000zy
135 _acrcn 024anaba
200 1 _aКонцерт скрипача Сергея Ивановича Памфилова, 8 мая 1943 г.
_eПри участии пианистки А.П. Маслаковец
_e[афиша]
_fУправление по делам искусств Исполкома Ленгорсовета, Зал камерных концертов
210 _a[Ленинград]
_cЛТ УН-9
_d1943
215 _a1 л.
_d33х41
300 _aНачало в 17 часов. Билеты продаются в кассе зала с 11 до 19 час.
300 _aЗак. № 593
325 _aКопия доступна в Электрон. б-ке РНБ
327 _aПрограмма: I отделение: Богданов-Березовский - Концерт ля-минор для скрипки, Баркаролла, Полька, Белорусская, Вальс. II отделение: 1. Евлахов - Поэма. 2. Кочуров - Ноктюрн. 3. Митюшин - Аллюка (Колыбельная) [и др.]. Концерт ведет В.И. Колотушкин
606 1 _aТеатральная жизнь
_yЛенинград, город
_z1941 - 1944
_jАфиши
_2nlr_sh2
_3RU\NLR\AUTH\6601649837
686 1 _aЩ333(2Р=Рус)7-692Ленинград
702 1 _aПамфилов
_bС. И.
_cскрипач, альтист
_gСергей Иванович
_3RU\NLR\AUTH\770201832
_4005
702 1 _aМаслаковец
_bА. П.
_cпианист
_f1905-1986
_gАлла Петровна
_3RU\NLR\AUTH\770201835
_4005
712 0 2 _aЗал камерных концертов
_cЛенинград
_3RU\NLR\AUTH\880495405
_4570
852 _aNLR
_jЛ3-330а/12/3/1943-май(1)
856 0 _uhttp://vivaldi.nlr.ru/la700000127/view
856 1 _uhttp://vivaldi.nlr.ru/la700000127/cover
856 2 _uhttp://vivaldi.nlr.ru/la700000127/text
942 _cVISUAL
945 _aРоссийская национальная библиотека
980 _aNB
980 _aBV
980 3 _akplen
980 3 _akp
981 3 7 _a(37) Ленинград в Великой Отечественной войне
_b(37) Афиши блокадного Ленинграда